Normal view
MARC view
- Actuators
Entry Topical Term
001 - CONTROL NUMBER
- control field: 84666
003 - CONTROL NUMBER IDENTIFIER
- control field: NUST
005 - DATE AND TIME OF LATEST TRANSACTION
- control field: 20211119155559.0
008 - FIXED-LENGTH DATA ELEMENTS
- fixed length control field: 211119|| aca||aabn | a|a d
040 ## - CATALOGING SOURCE
- Original cataloging agency: NUST
- Transcribing agency: NUST
150 ## - HEADING--TOPICAL TERM
- Topical term or geographic name entry element: Actuators
670 ## - SOURCE DATA FOUND
- Source citation: Work cat.: (NUST)33125: Gomis-Bellmunt, Oriol. 84665, Design rules for actuators in active mechanical systems /, c2010.
